000 00650nam a22001817a 4500
005 20260301160740.0
010 _aBACEN26
020 _a9789395764940
_c495.00
037 _bOakBridge Publishing
082 _a000
100 _aMishra, Sudhanshu
_987976
245 _aGeneral Studies: Mock Test and Previous Year Papers
_bfor UPPSC Mains Examination /
_cby Mishra Sudhanshu [and] C.S Nikunj Gupta
260 _aDelhi
_bDoaba Publications
_c2025
270 _aShanti Mohan House, 16 Ansari Road Darya Ganj,
_bNew Delhi
_e110002
300 _a444p.
_c24cm(pb)
700 _aGupta, CS Nikunj
_987587
942 _2ddc
_cEN
_h000
_mMIS
999 _c215068
_d215068